banner-ar

الاثار المصرية فى العصرين البطلمى و الرومانى فى وادى النيل من المنيا حتى النوبة / (Record no. 63464)

MARC details
000 -الفاتح
حقل البيانات ثابتة الطول 00989nam a22002297a 4500
005 - وقت وتاريخ اخر تعامل مع التسجيلة
رقم الضبط 20240530110642.0
008 - عناصر البيانات ثابتة الطول - معلومات عامة
حقل البيانات ثابتة الطول 171023s2015 ua aof f b 000 0 ara d
017 ## - رقم الايداع القانونى
رقم الايداع القانونى 2015/10384
المصدر ( الهيئة المختصة) مصر. دار الكتب
020 ## - الرقم الدولى المعيارى للكتب
الرقم الدولى المعيارى للكتاب 9789773506544
040 ## - مصدر الفهرسة
وكالة الفهرسة الأصلية EG-CaGPL
وكالة النسخ EG-CaGPL
082 04 - رقم تصنيف ديوى العشرى
رقم الطبعة 21
رقم التصنيف 932.022\
رقم المادة ق/ع آ
100 0# - المدخل الرئيسى - إسم شخصى
الإسم الشخصى عبدالسلام احمد فرج الله .
245 12 - بيان العنوان
العنوان الاثار المصرية فى العصرين البطلمى و الرومانى فى وادى النيل من المنيا حتى النوبة /
بيان المسئوليه,etc اعداد عبدالسلام احمد فرج الله .
250 ## - بيان الطبعة
بيان الطبعة ط.1
260 ## - PUBLICATION, DISTRIBUTION, ETC. (IMPRINT)
تاريخ النشر أو التوزيع 2015 .
300 ## - الوصف المادى
التعداد 444 ص. :
تفاصيل ماديه اخرى للوعاء ايض. :
أبعاد الوعاء 24 سم.
504 ## - تبصرة ببليوجرافية
تبصرة ببليوجرافية,الخ ببليوجرافية : ص 437 - 444
650 07 - المدخل الاضافى بالموضوع-مصطلح موضوعى
مصدر الرأس أو المصطلح qrmak
مصطلح موضوعي الاثار الرومانية فى مصر .
650 07 - المدخل الاضافى بالموضوع-مصطلح موضوعى
مصدر الرأس أو المصطلح qrmak
مصطلح موضوعي الفن المصرى القديم .
942 ## - عناصر المدخل الإضافي( كوها)
مصدر التصنيف او مخطط الترفيف Dewey Decimal Classification
Koha [default] item type كتاب
260 ## - PUBLICATION, DISTRIBUTION, ETC. (IMPRINT)
-- القاهرة :
-- دار الكتاب الحديث ،
Holdings
حالة التراجع حالة الفقد حالة تلف ليس للاعارة المكان المؤقت الموقع الحالى موقع الترفيف تاريخ الاكتساب اجمالي اﻻعارات رقم الطلب الباركود تاريخ اخر مشاهدة تاريخ تفعيل السعر نوع وعاء كوها
        مكتبة القاهرة الكبرى مكتبة القاهرة الكبرى   10/23/2017   932.022\ ق/ع آ 163506 10/23/2017 10/23/2017 كتاب

Powered By

EGPV